00547nam a2200169Ia 450000500170000000800410001704000190005804100120007708200170008924500870010626000360019330000120022950400500024165000450029170000300033685000110036620221217102523.0131103s9999 xx 000 0 und d aLoreto College aEnglish a813.09bO'CO aSeven modern American novelistsb An introduction cEdited by William Van O'Connor aBombaybPopular Prakashanc1968 a302 p.  aIncludes bibliographical references and index aAmerican Fiction - History and Criticism aO'Connor, William Van, ed aLCLIB